Normal view
MARC view
- Supervisor. Mazhar Iqbal Arshad
Entry Personal Name
001 - CONTROL NUMBER
- control field: 126623
003 - CONTROL NUMBER IDENTIFIER
- control field: NUST
005 - DATE AND TIME OF LATEST TRANSACTION
- control field: 20241030135700.0
008 - FIXED-LENGTH DATA ELEMENTS
- fixed length control field: 241030|| aca||aabn | a|a d
040 ## - CATALOGING SOURCE
- Original cataloging agency: NUST
- Transcribing agency: NUST
100 ## - HEADING--PERSONAL NAME
- Personal name: Supervisor. Mazhar Iqbal Arshad
670 ## - SOURCE DATA FOUND
- Source citation: Work cat.: (NUST)232288: Khattak, Ahmad Bilal 50884, Barricades in the implementation of ISO-9001 in construction industry of Pakistan/ , 2015.
